| 000 | 00360 a2200109 4500 | ||
|---|---|---|---|
| 001 | ART_51509 | ||
| 005 | 20260410161843.0 | ||
| 008 | 260409a | ||
| 245 | 1 | 0 | _aLas sanciones en el régimen de faltas municipales de la Provincia de Buenos Aires |
| 100 | 1 | _aTulia, Mauro A. | |
| 773 | 0 |
_tRAP _g- Año 42, N° 502/503 (jul./ago. 2020) _wREV5941 |
|
| 999 |
_c24314 _d24314 |
||